000 01867nam a2200469 c 4500
003 BLK
005 20250527154513.0
008 180411b bul|||||r ||||||| ||bul||
010 _aKNG00178510000
020 _a978-954-28-1747-5
_bиздат.: Сиела Норма
040 _aBLK
041 _aBUL
_cBUL
072 7 _2bullib
_aН79
_xСпорт Н
080 _aАвтомобилен спорт
_b796.71
_x.071(430)(092)
_z796.71.071(430)(092)
080 _aНемски пилот от Формула 1
_b929 Шумахер, Михаел
_x
_z929 Шумахер, Михаел
100 1 _aЩурм, Карин
_eпърви автор
_9144709
700 1 _aГеоргиев, Петър
_eпрев. от нем.
_9367922
139 _aЩурм, Карин
_bШ 97
245 1 0 _aМихаел Шумахер
_bБиографията
_cКарин Щурм; прев. от нем. Петър Георгиев.
257 _aDEU
260 София
_bСиела Норма
_c2015
300 _a259 с., 8 л.
_bцв. сн.
_c23 см
380 _a79
500 _aОриг. загл. Michael Schumacher : Die Biografie by Karin Sturm.
600 1 4 _aШумахер, Михаил
_9307251
650 4 _aАвтомобилен спорт
_9338528
650 4 _aСпортисти, немски
_9338529
650 4 _aШумахер, Михаел
_9338530
651 4 _aГермания
_9178754
653 _aМихаел Шумахер
653 _aспортисти
653 _aавтомобилен спорт
653 _aФормула 1
653 _aбиографии
659 _aН
852 _aЦб 275532
856 4 _qpdf
_u
856 4 _qpdf
_u
942 _cKNG
_n0
_013
944 _aCR
_c20.07.2015
_lЦветелина Шанова
_k30531
944 _aED
_c18.10.2016
_lф /
_kПенка_Димитрова
999 _c170371
_d170371